[Event "III Duchamp Open 2019"]
[Site "Rio de Janeiro"]
[Date "2019.12.08"]
[Round "3.9"]
[White "Terao, Juliana Sayumi"]
[Black "Molina, Roberto Junio Brito"]
[Result "1/2-1/2"]
[WhiteElo "2225"]
[BlackElo "2448"]
[Annotator "TA"]
[PlyCount "86"]
[EventDate "2019.12.07"]
[EventType "swiss"]
[EventCountry "BRA"]
[SourceTitle "playchess.com"]
[Source "ChessBase"]
[SourceQuality "1"]

{[%evp 12,86,22,22,28,25,23,22,45,48,51,49,39,22,40,48,44,24,28,2,54,-6,28,25,34,38,39,38,37,37,46,33,36,38,38,38,37,31,36,34,30,35,37,25,37,30,42,37,42,27,42,15,30,23,21,5,19,28,27,31,38,38,38,40,42,39,39,0,8,0,36,0,10,0,47,-51,121]} 1. e4 e6 2. d4 d5 3. Nd2 c5 4. exd5 exd5 5. Ngf3 Nc6 6. Bb5 Qe7+ 7. Be2 Qc7 {C09: French Tarrasch: 3...c5 4 exd5 exd5 5 Ngf3 Nc6} 8. O-O Nf6 9. Re1 Be7 {The position is equal.} (9... cxd4 10. Bb5+ Be7 11. Nxd4 O-O 12. N2f3 Nxd4 13. Nxd4 Bc5 14. c3 Qb6 15. a4 {½-½ (41) Timofeev,A (2602)-Zvjaginsev,V (2635) Sochi 2019}) 10. dxc5 Bxc5 11. Nb3 Be7 12. c3 O-O 13. Bg5 Be6 14. Nbd4 Rae8 15. Bd3 $146 ({Predecessor:} 15. Qb3 Ne4 16. Bxe7 Rxe7 {½-½ (25) Mazarov,J (2075)-Neuer,T (2111) Germany 2017}) 15... Bd8 (15... Nxd4 $11 16. cxd4 (16. Nxd4 Ng4 $15) 16... h6) 16. Qc2 (16. Qd2 $14) 16... h6 {[#] And now ...Nxd4 would win.} 17. Bh4 Nh5 18. Bxd8 Nxd8 19. Re3 Nf6 20. Rae1 Bd7 21. Qd1 Rxe3 22. Rxe3 Re8 23. Qe1 Nc6 24. h3 Kf8 25. Bc2 Qd6 26. Rxe8+ Nxe8 27. Qe3 Qe7 28. Qd2 Nf6 29. Ne2 Na5 30. b3 Nc6 31. Nf4 Qc5 32. b4 Qd6 33. Qe3 b6 34. Bb3 Be6 35. Nd4 {Threatens to win with Qg3.} Nxd4 36. Qxd4 Ke7 37. a3 g5 38. Ne2 Bd7 39. Ng3 Be6 40. Ne2 Bd7 41. Ng3 Be6 42. Ne2 Ne4 43. f4 (43. Bc2 $14) 43... Bf5 $2 {Accuracy: White = 52%, Black = 64%.} (43... gxf4 $15 {keeps the upper hand.} 44. Bc2 {[#]} f3 $1 {[%mdl 512]} 45. gxf3 Ng5) 1/2-1/2

[Event "III Duchamp Open 2019"]
[Site "Rio de Janeiro"]
[Date "2019.12.08"]
[Round "3.10"]
[White "Coelho, Ramyres Santana"]
[Black "Roselli Mailhe, Bernardo"]
[Result "0-1"]
[WhiteElo "1979"]
[BlackElo "2442"]
[Annotator "RC"]
[PlyCount "98"]
[EventDate "2019.12.07"]
[EventType "swiss"]
[EventCountry "BRA"]
[SourceTitle "playchess.com"]
[Source "ChessBase"]
[SourceQuality "1"]
[TimeControl "40/5400+30:1800+30"]

1. d4 {[%emt 0:08:47]} Nf6 {[%emt 0:00:00]} 2. Nf3 {[%emt 0:00:17]} g6 {[%emt 0:00:00]} 3. Bf4 {[%emt 0:00:17]} Bg7 {[%emt 0:00:00]} 4. e3 {[%emt 0:00:17]} d6 {[%emt 0:00:00]} 5. h3 {[%emt 0:00:12]} O-O {[%emt 0:00:00]} 6. Be2 {[%emt 0:00:16]} c5 {[%emt 0:00:13]} 7. c3 {[%emt 0:00:55]} Nc6 {[%emt 0:00:05]} 8. O-O {[%emt 0:00:21]} cxd4 {[%emt 0:00:37]} 9. exd4 {[%emt 0:05:12]} Nd5 {[%emt 0:00:20]} 10. Bh2 {[%emt 0:03:11]} e5 {[%emt 0:00:08]} 11. Na3 {[%emt 0:02:52]} Re8 {[%emt 0:06:01]} 12. Bc4 {[%emt 0:03:06]} Nb6 {[%emt 0:12:40]} 13. dxe5 {[%emt 0:05:55]} dxe5 {[%emt 0:03:46]} 14. Qxd8 {[%emt 0:02:02]} Nxd8 {[%emt 0:00:29]} 15. Rfe1 {[%emt 0:01:15]} Nxc4 {[%emt 0:03:23]} 16. Nxc4 {[%emt 0:01:17]} f6 {[%emt 0:00:10]} 17. Nd6 {[%emt 0:06:28]} Re7 {[%emt 0:01:47]} 18. Nxc8 {[%emt 0:05:05]} Rxc8 {[%emt 0:00:05]} 19. Rad1 {[%emt 0:01:12]} Ne6 {[%emt 0:01:41]} 20. Nd2 {[%emt 0:02:10]} Rd8 {[%emt 0:06:33]} 21. Nc4 {[%emt 0:08:57]} Red7 {[%emt 0:00:15]} 22. Ne3 {[%emt 0:05:11]} Rd2 {[%emt 0:00:39]} 23. Rxd2 {[%emt 0:09:22]} Rxd2 {[%emt 0:00:05]} 24. Nc4 {[%emt 0:00:22]} Rc2 {[%emt 0:06:28]} 25. f4 {[%emt 0:00:05]} Nxf4 {[%emt 0:01:51]} 26. Bxf4 {[%emt 0:02:18]} exf4 {[%emt 0:00:04]} 27. Re8+ {[%emt 0:00:10]} Bf8 {[%emt 0:00:04]} 28. a4 {[%emt 0:03:58]} Kg7 {[%emt 0:07:54]} 29. Rc8 {[%emt 0:00:23]} b6 {[%emt 0:00:41]} 30. Rc7+ {[%emt 0:01:33]} Kh6 {[%emt 0:00:19]} 31. Rf7 {[%emt 0:03:29]} Bc5+ {[%emt 0:03:10]} 32. Kf1 {[%emt 0:00:08]} Kg5 {[%emt 0:01:06]} 33. b4 {[%emt 0:04:32]} Rxc3 {[%emt 0:09:40]} 34. bxc5 {[%emt 0:00:53]} Rxc4 {[%emt 0:00:07]} 35. cxb6 {[%emt 0:00:11]} axb6 {[%emt 0:00:05]} 36. Rb7 {[%emt 0:00:14]} Rxa4 {[%emt 0:04:07]} 37. Rxb6 {[%emt 0:00:06]} Ra2 {[%emt 0:04:59]} 38. Rb3 {[%emt 0:03:00]} f5 {[%emt 0:02:56]} 39. Rf3 {[%emt 0:01:27]} Ra4 {[%emt 0:00:37]} 40. Kf2 {[%emt 0:00:38]} Kh4 {[%emt 0:00:23]} 41. Rb3 {[%emt 0:31:00]} g5 {[%emt 0:34:05]} 42. Rb5 {[%emt 0:03:15]} Ra2+ {[%emt 0:01:08]} 43. Kf1 {[%emt 0:03:50]} g4 {[%emt 0:04:01]} 44. Rxf5 {[%emt 0:00:08]} Kg3 {[%emt 0:00:04]} 45. hxg4 {[%emt 0:05:20]} Rf2+ {[%emt 0:00:36]} 46. Ke1 {[%emt 0:00:07]} Rxg2 {[%emt 0:00:12]} 47. g5 {[%emt 0:00:00]} f3 {[%emt 0:00:00]} 48. Rf7 {[%emt 0:00:00]} Rg1+ {[%emt 0:00:00]} 49. Kd2 {[%emt 0:00:00]} f2 {[%emt 0:00:00]} 0-1

[Event "III Duchamp Open 2019"]
[Site "Rio de Janeiro"]
[Date "2019.12.08"]
[Round "3.11"]
[White "Matsuura, Everaldo"]
[Black "Ribeiro, Matheus Mendes Domin"]
[Result "0-1"]
[WhiteElo "2448"]
[BlackElo "2061"]
[Annotator "TA"]
[PlyCount "54"]
[EventDate "2019.12.07"]
[EventType "swiss"]
[EventCountry "BRA"]
[SourceTitle "playchess.com"]
[Source "ChessBase"]
[SourceQuality "1"]

{[%evp 19,54,0,2,0,0,-47,0,-65,-64,-52,0,-87,-41,-69,-67,-139,-116,-131,-64,-90,-99,-227,-135,-269,-163,-390,-389,-579,-570,-727,-542,-538,-556,-550,-543,-518,-462]} 1. d4 d5 2. c4 e6 3. Nf3 Nf6 4. e3 Be7 5. Nc3 O-O 6. Bd3 dxc4 7. Bxc4 c5 8. O-O Nc6 9. a3 cxd4 10. exd4 b6 11. Ba2 {D40: Queen's Gambit Declined: Semi-Tarrasch with 5 e3} (11. Bb3 Bb7 12. Bc2 Qd6 13. Qd3 g6 14. Bh6 Rfd8 15. Rad1 Bf8 16. Bg5 Bg7 17. Qe2 Ne7 18. Rfe1 Nf5 {0-1 (55) Heberla,B (2580)-Mista,A (2606) Katowice 2017}) 11... Bb7 12. Bg5 Nd5 (12... h6 $5 {[%cal Rh6g5]} 13. Bh4 g5 $11) 13. Be3 (13. Bxd5 $11 exd5 14. Bxe7 Nxe7 15. Re1) 13... Nxc3 $15 14. bxc3 Bxa3 ({Black should try} 14... Na5 $15) 15. Bxe6 (15. Ng5 $1 $11 Be7 16. Qg4) 15... Bb2 16. Ra2 $146 ({Predecessor:} 16. Ba2 Bxa1 17. Qxa1 Na5 18. Ne5 Rc8 19. c4 Re8 {½-½ (44) Reinhardt,E-Letelier Martner,R Sao Paulo 1960}) 16... Bxc3 17. Bb3 (17. Bc4 $15 Na5 18. Bd3) 17... Na5 $36 {[%mdl 2048] Black is in control.} 18. Bc2 {Hoping for Qd3!} Qd5 (18... g6 $17 19. Qd3 Rc8) 19. Qd3 {[%csl Gc2][%cal Rd3h7]} g6 20. Ra4 {[#]} (20. Bb1 $17 {might work better.} Qc4 21. Rc1 Qxd3 22. Bxd3) 20... Rac8 ({Better is} 20... b5 $1 $19 21. Qxc3 bxa4 22. Bxa4 Rfc8) 21. Bb1 (21. Rb1 $17) 21... Qb3 22. Rxa5 $2 (22. Bc2 Qe6 23. Ng5) 22... bxa5 $19 23. Bh6 (23. Bc2 $142 Qe6 24. Rb1) 23... Rfe8 {Black is clearly winning.} 24. Ng5 Qc4 25. Qxc4 Rxc4 26. Ba2 Rc7 27. d5 Bg7 {Accuracy: White = 17%, Black = 52%.} 0-1

[Event "III Duchamp Open 2019"]
[Site "Rio de Janeiro"]
[Date "2019.12.09"]
[Round "3.12"]
[White "Bortoloso, Moacir Canella"]
[Black "Alonso, Salvador"]
[Result "0-1"]
[WhiteElo "2067"]
[BlackElo "2481"]
[Annotator "TA"]
[PlyCount "80"]
[EventDate "2019.12.07"]
[EventType "swiss"]
[EventCountry "BRA"]
[SourceTitle "playchess.com"]
[Source "ChessBase"]
[SourceQuality "1"]

{[%evp 30,80,0,-15,-2,-20,-9,-11,-20,-22,-2,-14,0,0,8,7,18,26,20,12,18,7,63,63,64,63,78,78,87,93,81,84,109,97,122,63,67,0,65,0,68,43,60,52,37,0,0,-903,-899,-874,-861,-29998,-29999]} 1. e4 c5 2. Nf3 e6 3. d4 cxd4 4. Nxd4 Nc6 5. Nc3 Qc7 6. Be3 a6 7. Be2 Nf6 8. O-O Be7 9. f4 d6 10. a4 O-O 11. Kh1 Nxd4 12. Bxd4 e5 13. Be3 exf4 14. Bxf4 Be6 15. Qd3 Nd7 16. Qg3 Ne5 {[#] B85: Sicilian Scheveningen: 6 Be2 a6, lines with early Be3} 17. Rfd1 $146 ({Predecessor:} 17. Be3 Rfe8 18. Bd4 Bf8 19. Qf2 Rac8 20. Rfd1 g6 21. h3 Bg7 22. Bb6 Qe7 23. Bd4 Rc6 24. a5 {0-1 (49) Movsesian,S (2667)-Navara,D (2732) Czech Republic 2018}) 17... Rac8 18. Rac1 Qa5 {The position is equal.} 19. Bd2 {[#] Nd5 is the strong threat.} Qb6 20. b3 Ng6 21. Nd5 $36 {[%mdl 2048] White is more active.} Bxd5 $1 22. exd5 Bh4 23. Qg4 Qd8 24. c4 Ne5 25. Qh3 a5 ({Black should play} 25... Bg5 $11) 26. Bxa5 $14 Qxa5 27. Qxh4 Rfe8 28. Qe1 Qb6 29. Qc3 Qf2 30. Rc2 g6 31. Rf1 Qh4 32. Bf3 (32. a5 $16) 32... f5 33. Qb4 (33. Re2 $14) 33... Qf6 (33... Nd3 $11 34. Qd2 (34. Qxd6 $2 Qe1 $19) 34... Qd4) 34. Qc3 (34. Qd2 $14) 34... Re7 (34... Qh4 $1 $11) 35. Rcc1 Qg5 36. Rcd1 Rce8 37. h3 Qg3 38. Qb4 $2 {[%mdl 8192]} (38. Qe1 $11 Qf4 39. Qd2) 38... Nxf3 $19 {[%mdl 64] Overworked Piece} 39. Rxf3 Re1+ {[%mdl 64] Double Attack} 40. Rf1 {[#]} R8e2 $1 {[%mdl 512] Accuracy: White = 40%, Black = 48%.} 0-1

[Event "III Duchamp Open 2019"]
[Site "Rio de Janeiro"]
[Date "2019.12.09"]
[Round "3.13"]
[White "Zambrana, Oswaldo"]
[Black "Soares, Joao Carlos T. C."]
[Result "1-0"]
[WhiteElo "2445"]
[BlackElo "2019"]
[Annotator "TA"]
[PlyCount "143"]
[EventDate "2019.12.07"]
[EventType "swiss"]
[EventCountry "BRA"]
[SourceTitle "playchess.com"]
[Source "ChessBase"]
[SourceQuality "1"]

{[%evp 16,143,26,10,50,22,28,15,35,29,49,0,0,-41,-36,-30,0,0,20,11,12,12,19,15,14,17,70,49,53,49,53,53,48,40,43,31,24,37,40,43,47,56,56,0,0,0,0,0,29,35,58,56,56,56,56,56,63,63,56,56,56,55,56,56,56,56,56,56,61,60,80,57,51,51,51,52,62,55,57,54,58,39,80,83,99,83,162,71,71,71,71,71,71,71,71,71,1591,67,70,69,69,69,70,70,78,69,78,78,210,261,234,251,244,87,87,72,766,169,29939,29952,3377,10752,29968,29969,29967,29969,29965,29964,29959,631]} 1. e4 c5 2. Nf3 Nc6 3. d4 cxd4 4. Nxd4 e6 5. Nc3 Qc7 6. Be3 a6 7. Qd2 Nf6 8. O-O-O Bb4 9. f3 O-O {B48: Sicilian: Taimanov: 5 Nc3 Qc7 6 Be3 a6 without Be2} 10. g4 b5 11. Kb1 ({Predecessor:} 11. g5 Nh5 12. Kb1 Ne5 13. Be2 {1-0 (38) Rogers,I (2556)-Bjelobrk,I (2399) Brisbane 2005}) 11... Rb8 {The position is equal.} 12. g5 Nh5 13. Be2 $146 (13. Nxc6 dxc6 14. f4 c5 15. Be2 g6 16. Bxh5 gxh5 17. f5 {1-0 (27) Saric,I (2657)-Bosiocic,M (2611) Batumi 2018}) 13... Ne5 14. f4 (14. a3 $5 {[%cal Ra3b4]} Bxc3 15. Qxc3 (15. bxc3 Bb7 $17) 15... Qxc3 16. bxc3 $11) 14... Nc4 15. Bxc4 $1 bxc4 16. Nde2 $36 {[%mdl 2048] Black is under pressure.} Rd8 17. Bd4 Bb7 18. Qe3 {Threatens to win with Bb6.} Bc6 19. Ka1 Ba5 20. Rhf1 Bb6 (20... d6 $1 $11) 21. Rd2 Bxd4 22. Qxd4 d5 23. e5 Qb6 24. Qxb6 Rxb6 25. Ng3 (25. b3 {feels hotter.} cxb3 26. cxb3 g6 27. Kb2 Rdb8 28. Nd4) 25... Nxg3 26. hxg3 Rdb8 27. Rb1 a5 28. Ne2 Be8 29. b3 (29. g4 $14) 29... a4 $11 {[%cal Ra4b3]} 30. Nd4 axb3 31. cxb3 cxb3 (31... f6 {is more complex.} 32. gxf6 Bg6 33. Rc1 gxf6 34. exf6 Kf7) 32. Rxb3 Rxb3 33. axb3 {[%mdl 4096] Endgame KRB-KRN} h6 34. gxh6 gxh6 35. Kb2 Bd7 36. Rc2 Rb7 37. Kc3 Kg7 38. Re2 Kg6 39. g4 h5 40. gxh5+ Kxh5 41. Rg2 Kh6 42. Rg5 Rc7+ 43. Kd2 Rc8 44. Rg1 Rb8 45. Rb1 Kg6 46. Kd3 Kg7 47. b4 Bb5+ $1 48. Kd2 Rb7 49. f5 exf5 50. Nxf5+ Kg8 (50... Kf8 $16 {is a better defense.}) 51. Nd6 (51. Ke3 $18) 51... Rb6 $16 52. Ke3 f6 53. Kd4 fxe5+ 54. Kc5 Rc6+ 55. Kxd5 Rb6 $2 {[%mdl 8192]} (55... Ba4 $16) 56. Kxe5 $2 (56. Nxb5 $18 Rxb5+ 57. Kc6) 56... Bd3 57. Rb3 Bc2 58. Rb2 Bd3 59. Kd5 Kg7 60. Nc4 Rb5+ 61. Kd4 Bg6 {[#]} (61... Bf1 $16 {was worth a try.}) 62. Nd6 $1 $18 {[%cal Rd6b5]} Rb8 63. b5 {[%cal Bb4b5,Bb5b6,Bb6b7][%mdl 32] Strongly threatening Kc5.} Kf6 64. Kd5 $2 (64. b6 $18 {has better winning chances.} Ke6 65. Kc5) 64... Ke7 $16 65. Kc6 Bh5 $2 {[%mdl 8192]} (65... Bd3 $16) 66. Rb3 $2 (66. Rf2 Rf8 67. Nf5+ Kd8 68. Rd2+ Kc8 69. Ne7+ Kb8 70. Kb6) 66... Bd1 $2 (66... Rf8 $18) 67. Re3+ Kf6 68. b6 Ba4+ 69. Kc7 {White mates.} Rg8 70. b7 Rg7+ 71. Kb6 Rg8 72. Nc8 {Accuracy: White = 59%, Black = 46%.} (72. Rf3+ $142 Ke6 {[#]} 73. Ne8 $1 {[%mdl 512]} Rg1 74. Re3+ Kf7 75. Nd6+ Kf6 76. Ka5 Rb1 77. Kxa4) 1-0

[Event "III Duchamp Open 2019"]
[Site "Rio de Janeiro"]
[Date "2019.12.08"]
[Round "3.14"]
[White "Rios Fo., Hilton Carlos da Sil"]
[Black "Rodi, Luis Ernesto"]
[Result "0-1"]
[WhiteElo "2022"]
[BlackElo "2341"]
[Annotator "TA"]
[PlyCount "48"]
[EventDate "2019.12.07"]
[EventType "swiss"]
[EventCountry "BRA"]
[SourceTitle "playchess.com"]
[Source "ChessBase"]
[SourceQuality "1"]

{[%evp 9,62,20,35,23,27,27,43,33,43,-22,42,0,5,-9,0,0,29,8,18,16,39,15,27,-8,-20,-8,20,-26,-18,-20,0,-85,-52,-16,9,-49,-57,-114,-108,-147,-148,-243,-250,-245,-238,-222,-225,-491,-506,-463,-498,-452,-435,-29985,-29986]} 1. c4 e5 2. Nc3 Nc6 3. g3 Bc5 4. Bg2 a6 5. e3 d6 6. Nge2 {A25: English Opening vs King's Indian with ...Nc6 but without early d3} h5 7. h3 h4 8. d4 {White is slightly better.} Ba7 9. Qd3 $146 (9. g4 $14) ({Predecessor:} 9. g4 f5 10. dxe5 fxg4 11. exd6 gxh3 12. Bxh3 Bxh3 13. Rxh3 {0-1 (40) Gajewski,G (2634)-Ragger,M (2680) Chartres 2017}) 9... Nh6 (9... hxg3 $11 10. fxg3 Nf6) 10. d5 Ne7 11. e4 hxg3 12. fxg3 Ng6 13. Be3 Bxe3 14. Qxe3 f5 15. O-O-O b5 16. c5 b4 17. Na4 f4 18. Qd2 {[%cal Rg3f4]} fxg3 19. Nxg3 Qh4 20. Qe3 (20. cxd6 $11 {remains equal.} cxd6 21. Qe3) 20... Nf4 21. Bf1 O-O 22. Kb1 (22. cxd6 $11 cxd6 23. Nb6) 22... Bd7 $1 $36 {[%cal Rd7a4][%mdl 2048] Black is pushing.} 23. c6 ({White should try} 23. b3 $15) 23... Be8 24. b3 a5 {Played: Be8-g6} 0-1

[Event "III Duchamp Open 2019"]
[Site "Rio de Janeiro"]
[Date "2019.12.09"]
[Round "3.15"]
[White "Lage, Pedro Ferreira"]
[Black "Fernandez, Maria Florencia"]
[Result "1/2-1/2"]
[WhiteElo "2021"]
[BlackElo "2241"]
[Annotator "RC"]
[PlyCount "147"]
[EventDate "2019.12.07"]
[EventType "swiss"]
[EventCountry "BRA"]
[SourceTitle "playchess.com"]
[Source "ChessBase"]
[SourceQuality "1"]
[TimeControl "40/5400+30:1800+30"]

1. Nf3 {[%emt 0:17:13]} d5 {[%emt 0:00:00]} 2. g3 {[%emt 0:00:08]} Nf6 {[%emt 0:00:11]} 3. Bg2 {[%emt 0:00:10]} Nc6 {[%emt 0:00:22]} 4. d4 {[%emt 0:00:30]} Bf5 {[%emt 0:00:49]} 5. O-O {[%emt 0:01:03]} e6 {[%emt 0:00:21]} 6. c4 {[%emt 0:06:16]} Be7 {[%emt 0:03:43]} 7. Nbd2 {[%emt 0:07:45]} O-O {[%emt 0:05:32]} 8. b3 {[%emt 0:01:33]} a5 {[%emt 0:04:34]} 9. a3 {[%emt 0:03:37]} Ne4 {[%emt 0:08:03]} 10. Bb2 {[%emt 0:01:05]} Bf6 11. Rc1 {[%emt 0:03:34]} Ra6 {[%emt 0:10:09]} 12. e3 {[%emt 0:10:37]} h5 13. Ne1 {[%emt 0:13:54]} h4 {[%emt 0:10:16]} 14. Nxe4 {[%emt 0:01:27]} dxe4 {[%emt 0:01:52]} 15. Qc2 {[%emt 0:00:50]} Ne7 {[%emt 0:05:33]} 16. Bxe4 {[%emt 0:00:48]} hxg3 {[%emt 0:00:14]} 17. hxg3 {[%emt 0:00:44]} c5 {[%emt 0:02:39]} 18. Nf3 {[%emt 0:04:19]} a4 {[%emt 0:00:37]} 19. Bxf5 {[%emt 0:09:31]} Nxf5 {[%emt 0:01:15]} 20. dxc5 {[%emt 0:00:53]} axb3 {[%emt 0:01:09]} 21. Qxb3 {[%emt 0:00:14]} Bxb2 {[%emt 0:01:43]} 22. Qxb2 {[%emt 0:00:02]} Qe7 {[%emt 0:02:53]} 23. Nd4 {[%emt 0:06:08]} Nh6 {[%emt 0:03:41]} 24. Rb1 {[%emt 0:03:23]} Qxc5 {[%emt 0:09:13]} 25. Qxb7 {[%emt 0:00:20]} Rxa3 {[%emt 0:00:42]} 26. Qb4 {[%emt 0:00:44]} Qxb4 {[%emt 0:01:30]} 27. Rxb4 {[%emt 0:00:03]} Rc3 {[%emt 0:00:03]} 28. Nc6 {[%emt 0:03:10]} Kh7 {[%emt 0:03:09]} 29. Na5 {[%emt 0:02:56]} Rd8 {[%emt 0:01:10]} 30. Rfb1 {[%emt 0:01:01]} Ng4 {[%emt 0:01:50]} 31. c5 {[%emt 0:00:59]} Ne5 {[%emt 0:00:59]} 32. c6 {[%emt 0:00:30]} Rd2 {[%emt 0:07:24]} 33. R4b2 {[%emt 0:00:28]} Rdd3 {[%emt 0:02:59]} 34. Rb4 {[%emt 0:00:32]} Kg6 {[%emt 0:02:48]} 35. R4b3 {[%emt 0:00:32]} Rc5 {[%emt 0:02:44]} 36. Rxd3 {[%emt 0:00:28]} Nxd3 {[%emt 0:00:05]} 37. Nb3 {[%emt 0:00:32]} Rxc6 {[%emt 0:00:22]} 38. Nd4 {[%emt 0:00:14]} Ra6 {[%emt 0:00:04]} 39. Rd1 {[%emt 0:00:25]} Nc5 {[%emt 0:00:51]} 40. Rd2 {[%emt 0:00:42]} e5 {[%emt 0:00:35]} 41. Nb5 {[%emt 0:02:22]} Ne4 {[%emt 0:01:17]} 42. Rc2 {[%emt 0:00:55]} Ra5 {[%emt 0:01:24]} 43. Rb2 {[%emt 0:03:37]} Kf5 {[%emt 0:04:29]} 44. Rb4 {[%emt 0:07:21]} Nc5 {[%emt 0:04:35]} 45. Nc3 {[%emt 0:12:53]} Nd3 {[%emt 0:01:36]} 46. Rb7 {[%emt 0:01:39]} Ra1+ {[%emt 0:00:08]} 47. Kg2 {[%emt 0:04:28]} Ne1+ {[%emt 0:00:25]} 48. Kh3 {[%emt 0:00:08]} Kg6 {[%emt 0:02:24]} 49. g4 {[%emt 0:01:13]} Nd3 {[%emt 0:05:45]} 50. Kg2 {[%emt 0:00:12]} Rc1 {[%emt 0:00:48]} 51. Ne4 {[%emt 0:00:42]} Rc4 {[%emt 0:00:19]} 52. f3 {[%emt 0:00:38]} Rc2+ {[%emt 0:00:18]} 53. Kg3 {[%emt 0:00:26]} Re2 {[%emt 0:02:06]} 54. Rb6+ {[%emt 0:00:17]} f6 {[%emt 0:00:22]} 55. g5 {[%emt 0:00:26]} Rxe3 {[%emt 0:03:26]} 56. gxf6 {[%emt 0:00:05]} Ne1 {[%emt 0:01:31]} 57. fxg7+ {[%emt 0:01:16]} Kxg7 {[%emt 0:00:02]} 58. Kf2 {[%emt 0:00:23]} Rxf3+ {[%emt 0:00:00]} 59. Kxe1 {[%emt 0:00:08]} Re3+ {[%emt 0:00:03]} 60. Kf2 Rxe4 61. Kf3 Rf4+ 62. Ke3 {[%emt 0:00:54]} Kf7 {[%emt 0:00:01]} 63. Ra6 {[%emt 0:00:14]} Ke7 {[%emt 0:00:05]} 64. Rb6 {[%emt 0:00:08]} Rf6 {[%emt 0:00:34]} 65. Rxf6 {[%emt 0:00:16]} Kxf6 {[%emt 0:00:01]} 66. Ke4 {[%emt 0:00:06]} Ke6 {[%emt 0:00:02]} 67. Ke3 {[%emt 0:00:06]} Kd5 {[%emt 0:00:03]} 68. Kd3 {[%emt 0:00:04]} e4+ {[%emt 0:00:07]} 69. Ke3 {[%emt 0:00:03]} Ke5 {[%emt 0:00:04]} 70. Ke2 {[%emt 0:00:04]} Kd4 {[%emt 0:00:04]} 71. Kd2 {[%emt 0:00:02]} e3+ {[%emt 0:00:05]} 72. Ke2 {[%emt 0:00:03]} Ke4 {[%emt 0:00:04]} 73. Ke1 {[%emt 0:00:05]} Kf3 {[%emt 0:00:08]} 74. Kf1 {[%emt 0:00:03]} 1/2-1/2

[Event "III Duchamp Open 2019"]
[Site "Rio de Janeiro"]
[Date "2019.12.08"]
[Round "3.16"]
[White "Guimaraes, Marcelo Cunha"]
[Black "Lopes, Artur Farias"]
[Result "0-1"]
[WhiteElo "2171"]
[BlackElo "1995"]
[Annotator "TA"]
[PlyCount "68"]
[EventDate "2019.12.07"]
[EventType "swiss"]
[EventCountry "BRA"]
[SourceTitle "playchess.com"]
[Source "ChessBase"]
[SourceQuality "1"]

{[%evp 12,68,33,25,32,28,34,17,52,21,19,33,29,0,33,-16,21,0,32,28,67,27,42,42,91,51,88,37,32,25,38,40,39,31,110,23,41,-56,-48,-52,-48,-57,0,-93,-57,-453,-456,-427,-373,-764,-116,-116,-115,-127,-113,-651,-650,-29993,-29994]} 1. e4 c6 2. d4 d5 3. e5 Bf5 4. Nf3 e6 5. Be2 Nd7 6. O-O h6 7. Nbd2 {[%cal Bb1d2,Bd2b3,Bb3a5][%mdl 32]} Ne7 {B12: Caro-Kann: Advance Variation} 8. Nb3 g5 9. Bd2 (9. a4 Bg7 10. a5 O-O 11. c3 Qc7 12. h4 g4 13. Ne1 h5 14. Nd3 Ng6 {0-1 (47) Alekseenko,K (2668)-Artemiev,V (2757) Izhevsk 2019}) 9... Ng6 {The position is equal.} 10. Rc1 $146 ({Predecessor:} 10. Ne1 Nf4 11. Bxf4 gxf4 12. Nd3 Qg5 13. Qd2 Bxd3 14. Qxd3 h5 15. Bf3 {1-0 (71) Kosteniuk,A (2541)-Khotenashvili,B (2504) Beijing 2014}) 10... g4 11. Ne1 $1 h5 12. Nd3 Be7 13. Na5 Rb8 14. b4 Qc7 15. c4 Be4 16. f3 gxf3 17. gxf3 Bf5 18. Kh1 b6 19. cxd5 (19. Nb3 $16) 19... bxa5 $14 20. d6 $1 {[%cal Rd6c7] [#]} Bxd6 $1 21. exd6 Qxd6 {[%cal Ra5b4][%mdl 64] Double Attack} 22. bxa5 O-O (22... Rg8 $14) 23. Qa4 (23. Rg1 $16) 23... c5 ({Much worse is} 23... Bxd3 $6 24. Bxd3 Rfc8 25. Rg1 $16) 24. Nxc5 (24. Be3 $14) 24... Nxc5 $15 25. Rxc5 Rb2 $36 {[%mdl 2048] Black is more active.} 26. Rd1 Rd8 ({Black should play} 26... Rfb8 $1 $15) 27. Rc4 (27. Qc4 $11 {keeps the balance.}) 27... Nf4 28. Rg1+ $2 {[%mdl 8192] [#]} (28. Rb4 $1 $15 Rc2 29. Bxf4 Qxf4 30. d5) 28... Kh7 $1 $19 ({Less strong is} 28... Ng6 29. Qd1 $15) 29. Bxf4 Qxf4 30. Qd1 $2 (30. d5 Qe3 31. Rh4) 30... Rb1 $2 (30... Qe3 $19 {has better winning chances.} 31. Bf1 Rg8 32. Rxg8 Kxg8 33. Rc8+ Kh7) 31. Rc1 $17 Rdb8 {Strongly threatening ...Qe3.} (31... Rb2 $2 32. Rg2 $19) 32. Qf1 Bg6 33. Bd3 $2 {[%mdl 8192] [#]} (33. Rxb1 $17 Rxb1 34. Qh3 Rxg1+ 35. Kxg1) 33... R8b2 $1 $19 {[%csl Gf4][%cal Rb2h2][%mdl 576] Double Attack} 34. Bxg6+ fxg6 {Accuracy: White = 20%, Black = 30%.} 0-1